000 00480nam a2200133Ia 4500
008 231129s1996||||xx |||||||||||||| ||spa||
020 _a958-9490-09-3
082 _aER- 194
100 _aColección Literaria del Fondo Mixto de Risaralda Vol. 21
245 0 _aColección Literaria del Fondo Mixto de Risaralda Vol. 21 El pasado inconcluso: modernidad y postmodernidad
260 _c1996
264 _aPereira: Papiro 1996
942 _2ddc
_cBKS
999 _c7256
_d7256